00715nam a22002057a 45000050016000000100013000160200023000290350013000520370063000650820015001281000026001432450073001692600037002423000046002794900021003255000091003466500022004377000020004597100030004792011080306426.0 aB-437499 a8183280730c695.00 aB-437499 bAllied/DE/2010/CR/0003015/31.3.11/293/24.3.11/191/31.3.11  a725.9409541 aRay, Himanshu Prabha.10aMonuments /ctext, Himanshu Prabha Ray ; photographs, Amit Pasricha. aNew Delhi :bWisdom Tree,c2007. a102 p. :bcol. ill., 1 map ;c24 cm. (Hb)0 aIncredible India a"By arrangement with Department of Tourism, Ministry of Culture, Government of India." 0aMonumentszIndia.1 aPasricha, Amit.1 aIndia.bDept. of Tourism.